000 00994cam a22003015a 4500
001 15876752
003 EG-ScBUE
005 20211115121205.0
008 090821s2010 nyua f b 001 0 eng d
020 _a9780415992015 (pbk)
020 _a041599201X (pbk)
040 _aDLC
_beng
_erda
_cDLC
_dYDX
_dYDXCP
_dBWX
_dCDX
_dMNW
_dEG-ScBUE
_dDLC
_dEG-ScBUE
082 0 4 _a808.002854678
_bCAR
_222
100 1 _aCarroll, Brian,
_d1965-
_eauthor.
_938520
245 1 0 _aWriting for digital media /
_cBrian Carroll.
250 _aFirst edition.
264 7 _aNew York, NY :
_bRoutledge,
_c2010.
300 _ax, 313 pages :
_billustrations ;
_c26 cm
336 _2rdacontent
_atext
_btxt
337 _2rdamedia
_aunmediated
_bn
338 _2rdacarrier
_avolume
_bnc
504 _aIncludes bibliographical references and index.
650 7 _aOnline authorship.
_2BUEsh
651 _2BUEsh
653 _bCOMAME
_cJune2015
_cOctober2015
655 _vReading book
_934232
942 _2ddc
_k808.002854678 CAR
_cBB
999 _c19668
_d19640